Bibliografie českého knihovnictví bibliografie a VTI. Rok 1982

Bibliographic Details
Format: Serial
Language:English
PhysicalDescription:399 s.
Published: Praha Státní knihovna ČSR 1986

MARC

LEADER 00000nas a2200000 a 4500
001 vtls008426231
003 SK-MaSNL
005 20260221115010.0
008 060125 000 0 eng d
040 |a SNK  |b slo  |c SNK 
245 0 |a Bibliografie českého knihovnictví bibliografie a VTI. Rok 1982 
260 |a Praha  |b Státní knihovna ČSR  |c 1986 
300 |a 399 s. 
999 |c 4191  |d 6121 
952 |0 0  |1 0  |4 0  |7 0  |a SNK  |b SNK  |d 2006-01-25  |i snkKIP 10796/86  |l 0  |o snkČSC 994/ČK/1982 D1  |p 17A0493710  |r 2026-02-21 21:10:15  |w 2026-02-21  |y VYP